Ватерлінія (Запис № 18598)

000 -Маркер запису
Контрольне поле сталої довжини 02177nam a22002537a 4500
003 - Належність контрольного номера
Контрольне поле Uzh_bibl
008 - Кодовані дані
Контрольне поле сталої довжини 260629b |||||||| |||| 00| 0 ukr d
020 ## - Індекс ISBN
Ціна 1.30
040 ## - Джерело каталогіз.
Служба первин.кат. укр.
041 ## - Код мови видання
Код мови оригіналу українська
Код мови тексту українська
080 ## - Індекс УДК
Індекс УДК 821(477)
090 ## - Шифри
Поличний індекс 821(477)
Авторський знак Г 83
100 ## - Автор
Автор Григурко, Іван
245 ## - Назва
Назва Ватерлінія
Фізичний носій Текст
260 ## - Вихідні дані
Місце видання Київ
Видавництво Радянський письменник
Дата видання 1982
300 ## - Фізичний опис
Обсяг 335 с.
Тип одиниці в опр.
520 ## - Анотація
Анотація Роман українського радянського прозаїка присвячено трудовим будням корабелів в південноукраїнського міста. Будівництво супертанкера «Бере жанськ», ходові випробування траулера «Байконур», заводські клопоти й pa- дощі, роздуми про роль творчої праці в епоху НТР, успіхи й невдачі в осо бистих долях — все це складає широке полотно, в центрі якого діють фрезерувальник Петро Драгота з друзями, інженер Парфен Кодолов, робітниця Марія Годняк, професор Варфоломій Хавдій та інші. У героїв різні інтереси й прагнення, у кожного своє уявлення про успіх у житті. Це й дозволило авторові домогтися цікавої взаємодії різних характерів, підняти цілу низку актуальних проблем сучасності.
521 ## - Примітка про цільове призначення
Примітка про цільове призначення Для широкого кола читачів
546 ## - Примітка про мову
Примітка про мову укр.
650 ## - Тематичні рубрики
Основна рубрика Літературно-художнє видання
Хронологічна підрубрика 1980-ті роки
Географічна підрубрика Україна, південноукраїнське місто
653 ## - Ключові слова
Ключові слова Корабелі
-- Праця
-- Суднобудування
-- Колектив
-- Творчість
655 ## - Термін індексування — жанр/форма
Жанр/форма Соціально-виробничий роман
Типове ділення Роман
942 ## - ADDED ENTRY ELEMENTS (KOHA)
Джерело класифікації чи схема поличного розташування
Koha item type Книги
Фонди
Статус вилучення Статус втрати/відсутності Джерело класифікації чи схема поличного розташування Статус пошкодження Тип обігу (не для випозичання) Постійне розташування Поточне розташування Розташування у відділі Дата надходження Інвентарний номер Total Checkouts Повний (примірниковий) шифр зберігання Штрих-код Date last seen Дата, для якої чинна ціна заміни Тип одиниці (рівень примірника)
          Публічна бібліотека Публічна бібліотека Абонемент 29/06/2026 18645   821(477) 20637 29/06/2026 29/06/2026 Книги

Працює на АБІС Коха